[Event "Olympiad Women 2024"]
[Site "Budapest HUN"]
[Date "2024.09.19"]
[Round "8.38"]
[Board "3"]
[White "Ben Amor, Meriem"]
[Black "Gombocz, Zsofia"]
[Result "0-1"]
[WhiteElo "1733"]
[BlackElo "2061"]
[PlyCount "156"]
[EventDate "2024.09.11"]
[WhiteTeam "Tunisia"]
[BlackTeam "Hungary C"]
[WhiteTeamCountry "TUN"]

1. e4 e5 2. Nf3 Nc6 3. d4 exd4 4. Bc4 Bc5 5. c3 Nf6 6. e5 d5 7. Bb5 Ne4 8. cxd4 Bb6 9. Nc3 O-O 10. h3 ({RR} 10. Be3 f5 11. exf6 Nxf6 12. Bxc6 bxc6 13. Ne5 Ba6 14. Qa4 Qc8 15. Nxc6 Kh8 16. Nb4 Bc4 17. O-O-O c5 18. dxc5 Bxc5 19. Nc6 Bxe3+ 20. fxe3 Qe8 21. Nd4 Qxe3+ 22. Kb1 Rab8 23. Qc2 Rb6 24. Rhe1 Qh6 {0-1 Leko,P (2741)-Eljanov,P (2716) Moscow Tal Memorial Blitz 2008 (4)}) 10... a6 ({RR} 10... f5 11. exf6 Nxf6 12. Be3 Qd6 13. Qb3 Ne7 14. Bd3 Bf5 15. Qc2 Bxd3 16. Qxd3 Ng6 17. O-O-O Rae8 18. Ng5 Ba5 19. Kb1 Bxc3 20. Qxc3 h6 21. Qc2 Nh4 22. g3 Ng2 23. Nf3 Nxe3 24. fxe3 Rxe3 25. Ne5 {0-1 Fernandez,G (2181)-Marn,J (2322) Titled Tue 23rd Jan Early 2024 (2)}) 11. Be2 $146 ({RR} 11. Ba4 f6 12. O-O fxe5 13. Bxc6 bxc6 14. Nxe5 Nxf2 15. Rxf2 Rxf2 16. Kxf2 Qh4+ 17. Ke3 Qg5+ 18. Ke2 Qxg2+ 19. Ke1 Bxh3 20. Be3 Rf8 21. Qe2 Rf1+ 22. Kd2 {0-1 Petrovskiy,V (2116)-Nurgaliyeva,Z (1861) UKR-KAZ U16 Online Battle blitz 2020}) 11... Be6 12. O-O f6 13. exf6 Qxf6 14. Be3 Qg6 15. Nh4 Qf7 16. Nf3 h6 17. a3 Nd6 18. g4 Ne4 19. Kg2 Qd7 20. Ng1 Rae8 21. Na4 Ba7 22. f3 Nd6 23. Bf2 Qe7 24. Nc5 Qf6 25. a4 Bxc5 26. dxc5 Nc4 27. b3 N4e5 28. Bg3 d4 29. f4 Bd5+ 30. Kh2 Nd7 31. Rc1 Re3 32. Bc4 Bxc4 33. Rxc4 d3 34. Bf2 Qb2 35. Kh1 Re7 36. Qxd3 Na5 37. Rc3 Rxf4 38. Qg3 Ref7 39. Rf3 Rxf3 40. Nxf3 Qxb3 41. Kg2 Nc4 42. Re1 Nf8 43. Ne5 Qxg3+ 44. Bxg3 Nxe5 45. Bxe5 Ne6 46. Rc1 Nf4+ 47. Bxf4 Rxf4 48. Rb1 Rc4 49. Rb4 b6 50. Rxb6 Rxc5 51. Rb4 Kf7 52. Re4 Kf6 53. h4 Rc3 54. Kh2 c5 55. Kg2 Rd3 56. g5+ hxg5 57. hxg5+ Kxg5 58. Re5+ Kf4 59. Rxc5 Rd2+ 60. Kh1 g5 61. Rc4+ Kg3 62. Rc3+ Kh4 63. Rc4+ g4 64. Kg1 Kh3 65. Rc8 Ra2 66. Kf1 Rxa4 67. Rh8+ Kg3 68. Rc8 Ra1+ 69. Ke2 Ra2+ 70. Kf1 a5 71. Rc3+ Kh4 72. Rc8 a4 73. Rh8+ Kg3 74. Ra8 a3 75. Ra7 Ra1+ 76. Ke2 a2 77. Ra8 Rh1 78. Ra3+ Kh4 0-1

[Event "Olympiad Women 2024"]
[Site "Budapest HUN"]
[Date "2024.09.19"]
[Round "8.38"]
[Board "4"]
[White "Nandin-Erdene, Davaademberel"]
[Black "Gamha, Yasmine"]
[Result "1-0"]
[WhiteElo "2039"]
[BlackElo "1679"]
[PlyCount "63"]
[EventDate "2024.09.11"]
[WhiteTeam "Hungary C"]
[BlackTeam "Tunisia"]
[BlackTeamCountry "TUN"]

1. Nf3 Nf6 2. g3 e6 3. Bg2 d5 4. d3 c5 5. O-O Nc6 6. Nbd2 Be7 7. e4 O-O 8. Re1 d4 9. a4 a6 ({RR} 9... b6 10. Nc4 Bb7 11. Bf4 a6 12. h4 b5 13. Nce5 Nxe5 14. Nxe5 Bd6 15. Nxf7 Rxf7 16. Bxd6 Qxd6 17. e5 Qc7 18. Bxb7 Qxb7 19. exf6 Rxf6 20. axb5 axb5 21. Rxa8+ Qxa8 22. Re5 Qf8 23. Qe2 Qd6 24. Qe4 {½-½ Chatalbashev,B (2521)-Olsen,F (2414) DEN-ch Svendborg 2019 (1)}) ({RR} 9... b6 10. Nc4 Bb7 11. a5 b5 12. a6 Bc8 13. Nce5 Nxe5 14. Nxe5 Qb6 15. f4 Bxa6 16. g4 Bc8 17. f5 Nd7 18. Nf3 Bb7 19. Bf4 a5 20. g5 a4 21. h4 Rfe8 22. h5 Bf8 23. g6 exf5 24. gxf7+ {0-1 Piesik,P (2419)-Ansh,M (2166) Titled Tue 3rd Jan Early 2023 (8)}) 10. Nc4 Bd7 $146 ({RR} 10... b6 11. h4 Bb7 12. e5 Nd5 13. Ng5 b5 14. axb5 axb5 15. Rxa8 Bxa8 16. Na3 h6 17. Nh3 Qb8 18. f4 Na5 19. Qg4 b4 20. Nc4 Nxc4 21. dxc4 Nb6 22. b3 Bxg2 23. Kxg2 Qa8+ 24. Kf1 Qa2 25. Qe2 {½-½ Olschewski,M (1634)-Bosbach,J (1853) Mittelrhein Verbandsliga Nord 1920 2019 (5.5)}) 11. a5 Bc8 12. Nb6 Ra7 13. Nd2 e5 14. Nxc8 Qxc8 15. Nc4 Qd8 16. f4 Nd7 17. Bh3 b5 18. axb6 Nxb6 19. Nxe5 Nxe5 20. fxe5 Bg5 21. e6 fxe6 22. Bxe6+ Kh8 23. Qh5 Bxc1 24. Raxc1 Rf6 25. Bb3 Nd7 26. e5 Rh6 27. Qf3 a5 28. Qd5 Qc8 29. e6 Nf6 30. Qd6 Ra6 31. Qf4 a4 32. e7 1-0

[Event "Olympiad Women 2024"]
[Site "Budapest HUN"]
[Date "2024.09.19"]
[Round "8.39"]
[Board "1"]
[White "De Blecourt, Sandra"]
[Black "Clarke, Adani"]
[Result "1/2-1/2"]
[WhiteElo "2065"]
[BlackElo "1919"]
[PlyCount "101"]
[EventDate "2024.09.11"]
[WhiteTeam "Denmark"]
[BlackTeam "Jamaica"]
[WhiteTeamCountry "DEN"]
[BlackTeamCountry "JAM"]

1. d4 e6 2. c4 Nf6 3. Nc3 Bb4 4. Nf3 d5 5. cxd5 Nxd5 6. Bd2 O-O 7. a3 ({RR} 7. Rc1 c5 8. Nxd5 Qxd5 9. dxc5 Bxc5 10. g3 Be7 11. Bc3 Qxa2 12. e4 e5 13. Nxe5 Rd8 14. Bd3 Be6 15. O-O Nd7 16. Ra1 Qb3 17. Bc2 Qb6 18. Ba5 Qxb2 19. Nd3 Qf6 20. Bxd8 Rxd8 21. Nf4 Ne5 {½-½ Aronian,L (2758)-Abasov,N (2632) FIDE Chess.com Grand Swiss 2019 (2)}) ({RR} 7. e4 Nxc3 8. bxc3 Be7 9. Bc4 c5 10. O-O Qc7 11. Qe2 a6 12. a4 Nc6 13. Ba2 b6 14. Rfe1 Bb7 15. d5 Ne5 16. dxe6 Nxf3+ 17. Qxf3 f5 18. Bd5 fxe4 19. Qxe4 Bxd5 20. Qxd5 Rad8 21. Qa2 Kh8 {1-0 Fominykh,M (2136)-Chau,T (1623) Asian Rapid Teams 2024 (10.11)}) 7... Be7 $146 ({RR} 7... Nxc3 8. bxc3 Be7 9. e3 Nd7 10. Be2 c5 11. O-O b6 12. Qb1 Re8 13. Rd1 Qc7 14. a4 Bb7 15. Ne1 e5 16. Bf3 Bxf3 17. Nxf3 exd4 18. cxd4 cxd4 19. Nxd4 Bf6 20. Nb5 Qb8 21. Bc3 Rd8 22. Bxf6 {1-0 Sondors,P-Schneiderwind,R Oberliga NRW 9293 II 1992 [7]}) ({RR} 7... Nxc3 8. bxc3 Bd6 9. c4 c5 10. e3 Nc6 11. Bc3 Bd7 12. Be2 Rc8 13. Bb2 Qa5+ 14. Qd2 Qxd2+ 15. Nxd2 cxd4 16. exd4 Na5 17. c5 Bf4 18. Bc3 Nb3 19. Nxb3 Ba4 20. Nd2 b6 21. Bb2 bxc5 22. dxc5 {0-1 Garcia Dorado,M (1376)-Tasnia Tarannum,O (1662) Gran Canaria Online Blitz 3rd 2022 (9)}) ({RR} 7... Bxc3 8. bxc3 c5 9. e4 Nf6 10. e5 Ne4 11. Bd3 Nxd2 12. Qxd2 cxd4 13. cxd4 Nc6 14. Be4 Ne7 15. O-O Rb8 16. Ng5 Nf5 17. Bxf5 exf5 18. d5 f6 19. Nf3 fxe5 20. Nxe5 Qf6 21. Rfe1 f4 22. d6 {1-0 Gokbulut,J (1970)-Tribushnaya,O (1745) Djerba Online (Women) blitz 2020 (12)}) 8. e4 Nxc3 9. Bxc3 c5 10. dxc5 Bxc5 11. Qc2 Nd7 12. Rd1 Qc7 13. Bd3 h6 14. O-O b6 15. Bb5 a6 16. Bxd7 Bxd7 17. Bb4 Bb5 18. Rfe1 Rac8 19. Bxc5 Qxc5 20. Qd2 Qc2 21. Qd4 Qc5 22. a4 Bc4 23. Qxc5 Rxc5 24. Rd6 Rb8 25. Nd4 a5 26. b3 Ba6 27. f3 e5 28. Nc6 Rb7 29. Rd8+ Kh7 30. Nb8 Ra7 31. Nxa6 Rxa6 32. Rd6 Rc3 33. Rb1 Kg8 34. Rd8+ Kh7 35. Rd5 f6 36. Rb5 Rc5 37. Rxc5 bxc5 38. Rc1 Rc6 39. Kf2 Kg6 40. Ke3 Kf7 41. Kd3 Ke6 42. Kc4 Rb6 43. Rd1 Rb4+ 44. Kc3 Rd4 45. Re1 g6 46. Re2 f5 47. g3 Kf6 48. Re1 Ke6 49. Re2 Kf6 50. Re1 Ke6 51. Re2 1/2-1/2

[Event "Olympiad Women 2024"]
[Site "Budapest HUN"]
[Date "2024.09.19"]
[Round "8.39"]
[Board "2"]
[White "Miller, Rachel"]
[Black "Kakulidis, Ellen"]
[Result "1-0"]
[WhiteElo "1912"]
[BlackElo "2048"]
[PlyCount "153"]
[EventDate "2024.09.11"]
[WhiteTeam "Jamaica"]
[BlackTeam "Denmark"]
[WhiteTeamCountry "JAM"]
[BlackTeamCountry "DEN"]

1. e4 e5 2. Nf3 Nc6 3. Bc4 Nf6 4. d3 Bc5 5. Nc3 h6 6. Be3 Bxe3 7. fxe3 d6 8. d4 Qe7 ({RR} 8... Bg4 9. Qd2 Bh5 10. Qf2 Bg6 11. O-O-O O-O 12. Bd3 Re8 13. Rhe1 a6 14. h3 b5 15. a3 Qb8 16. Nh4 b4 17. axb4 Qxb4 18. Nxg6 fxg6 19. Nd5 Nxd5 20. exd5 Na5 21. Qd2 Qa4 22. Qc3 e4 23. Be2 {1-0 Borngaesser,R (2375)-Juergens,P (2240) Oberliga NRW 9495 II 1994 (3.1)}) ({RR} 8... O-O 9. Qe2 a6 10. a3 Bg4 11. O-O-O Qe7 12. h3 Bh5 13. d5 Nb8 14. g4 Bg6 15. Bd3 Nbd7 16. Nh4 Bh7 17. Nf5 Bxf5 18. exf5 e4 19. Bc4 Ne5 20. Qf1 b5 21. Be2 b4 22. axb4 Rfb8 23. Na2 {0-1 Damiano,S (1723)-Bezo,S (2065) Norway Chess Open GM 2024 (5.24)}) 9. O-O $146 ({RR} 9. Bd3 Bg4 10. Bb5 a6 11. Bxc6+ bxc6 12. d5 c5 13. O-O Rb8 14. b3 Qd7 15. Rf2 c6 16. Qd3 cxd5 17. exd5 Ra8 18. Nd2 Qb7 19. e4 Bd7 20. Nc4 Qb8 21. Qg3 Ng4 22. Rff1 Rg8 23. h3 h5 {1-0 Wagner,M-Holler,M Schwaben-chB 2007 (1)}) 9... O-O 10. Nh4 Kh7 11. d5 Nb8 12. Qe1 Ng4 13. Nf5 Bxf5 14. Rxf5 Nd7 15. Qg3 Ngf6 16. Raf1 a5 17. Qh4 Nxd5 18. Qxe7 Nxe7 19. Rxf7 Rxf7 20. Rxf7 Nb6 21. Be6 Re8 22. Nb5 Ng6 23. Nxc7 Re7 24. b3 Rxf7 25. Bxf7 a4 26. Nb5 axb3 27. cxb3 Nc8 28. Bd5 b6 29. Bb7 Nge7 30. b4 Kg8 31. a4 Kf8 32. a5 bxa5 33. bxa5 Ke8 34. a6 Kd7 35. Kf2 Nc6 36. Bxc8+ Kxc8 37. Nxd6+ Kc7 38. Nb5+ Kb6 39. a7 Kb7 40. Kg3 Na5 41. Kg4 g6 42. Kf3 Nc4 43. Ke2 Nb6 44. Kd3 Ka6 45. Nd6 Kxa7 46. Nf7 Nd7 47. Kc4 Nf6 48. Nxe5 Nxe4 49. Nxg6 Kb7 50. Kd5 Nf6+ 51. Kd4 Kc6 52. Ne5+ Kc7 53. e4 h5 54. Ng6 Kd7 55. e5 Ng4 56. h3 Nh6 57. Kd5 Nf5 58. e6+ Ke8 59. Ke4 Ng3+ 60. Kf4 Ne2+ 61. Kg5 Nd4 62. Nf4 Ke7 63. Kxh5 Kf6 64. Kg4 Nf5 65. Kf3 Nh4+ 66. Ke4 Nxg2 67. Nxg2 Kxe6 68. Kf4 Kf6 69. Kg4 Kg6 70. Nf4+ Kh6 71. h4 Kh7 72. Kg5 Kg7 73. Ne6+ Kh7 74. Kh5 Kg8 75. Kg6 Kh8 76. Ng5 Kg8 77. Nf7 1-0

[Event "Olympiad Women 2024"]
[Site "Budapest HUN"]
[Date "2024.09.19"]
[Round "8.39"]
[Board "3"]
[White "Jakobsen, Shanne Hedegaard"]
[Black "Brown, Raehanna"]
[Result "1-0"]
[WhiteElo "2002"]
[BlackElo "1910"]
[PlyCount "53"]
[EventDate "2024.09.11"]
[WhiteTeam "Denmark"]
[BlackTeam "Jamaica"]
[WhiteTeamCountry "DEN"]
[BlackTeamCountry "JAM"]

1. d4 Nf6 2. c4 g6 3. Nf3 Bg7 4. g3 b6 5. Bg2 Bb7 6. Nc3 O-O 7. O-O e6 8. Re1 ({RR} 8. d5 exd5 9. cxd5 c5 10. e4 d6 {½-½ Tunik,G (2470)-Rashkovsky,N (2505) Minsk Zepter op 1998 (7)}) 8... d5 9. cxd5 exd5 ({RR} 9... Nxd5 10. Bd2 Nxc3 11. Bxc3 Nd7 12. e4 c5 13. Qe2 cxd4 14. Nxd4 Rc8 15. Rad1 Qe7 16. a3 a6 17. Bb4 Nc5 18. Nb3 Bc6 19. Rc1 Ba4 20. Nxc5 bxc5 21. Bc3 Bb5 22. Qe3 Bxc3 23. Rxc3 e5 24. Rec1 {1-0 Lee,A (2381)-Khademalsharieh,S (2489) Julius Baer WSCC 2024 (1.17)}) 10. Bf4 Qe7 $146 ({RR} 10... Re8 11. Nb5 Na6 12. Rc1 Re7 13. Qb3 Qd7 14. Nxc7 Rc8 15. Nxa6 Rxc1 16. Rxc1 Bxa6 17. Ne5 Qe8 18. Qa3 Bxe2 19. Bh3 Bc4 20. b3 Bb5 21. Rc8 Qxc8 22. Bxc8 Rc7 23. Nxg6 Rc2 24. Ne7+ Kh8 25. Ba6 {1-0 Probst,A (2032)-Tanz,M (1602) Solingen Karneval op 2013 (1)}) ({RR} 10... Ne4 11. Rc1 c5 12. Nxe4 dxe4 13. Ng5 Bxd4 14. Nxe4 Na6 15. Bg5 Qb8 16. Qd2 f5 17. Bf4 Nc7 18. e3 Bg7 19. Nxc5 bxc5 20. Rxc5 Rf7 21. Bxb7 Qxb7 22. Rxc7 Rxc7 23. Bxc7 Rc8 24. Bf4 Qxb2 25. Qd5+ {1-0 Socko,M (2470)-Matnadze,A (2411) Radzikowska Memorial (Women) 4th 2014 (8)}) ({RR} 10... Na6 11. Rc1 Nh5 12. Qd2 Nxf4 13. Qxf4 h6 14. h4 Qd7 15. Ne5 Qe6 16. Red1 c5 17. e3 Rfd8 18. Nd3 c4 19. Ne1 Bc6 20. a3 Qe7 21. Nc2 b5 22. e4 dxe4 23. Bxe4 Bxe4 24. Nxe4 Rd7 25. Re1 {½-½ Schiopu,A (1641)-Paraschiv,P (1872) ROM-ch (Women) 2019 (2)}) 11. Nb5 Na6 12. Rc1 Rfc8 13. Bh3 Nd7 14. Nxc7 Nxc7 15. Rxc7 Rxc7 16. Bxc7 f5 17. Bf4 Nf6 18. Bg2 Ne4 19. h4 Qb4 20. Qb3 Qa5 21. Rc1 Ba6 22. e3 Bc4 23. Rxc4 dxc4 24. Qxc4+ Kf8 25. Ng5 Qe1+ 26. Kh2 Nxg5 27. Bd6+ 1-0

[Event "Olympiad Women 2024"]
[Site "Budapest HUN"]
[Date "2024.09.19"]
[Round "8.39"]
[Board "4"]
[White "Watson, Gabriella"]
[Black "Durrfeld, Sofie Bech"]
[Result "1-0"]
[WhiteElo "1826"]
[BlackElo "1937"]
[PlyCount "93"]
[EventDate "2024.09.11"]
[WhiteTeam "Jamaica"]
[BlackTeam "Denmark"]
[WhiteTeamCountry "JAM"]
[BlackTeamCountry "DEN"]

1. d4 Nf6 2. Bf4 d5 3. e3 Bf5 4. c4 e6 5. Nc3 Bb4 6. Qb3 c5 ({RR} 6... Nc6 7. Nf3 O-O 8. Be2 Ne4 9. O-O Bxc3 10. bxc3 Na5 11. Qb4 Nxc4 12. Bxc4 dxc4 13. Qxc4 c5 14. Qb3 Qe7 15. h3 Rac8 16. Rfc1 h6 17. a4 Rfd8 18. a5 f6 19. Qb2 g5 20. Bh2 Bg6 21. Nd2 {1-0 Caruana,F (2764)-Nakamura,H (2775) Titled Tue 11th Apr Late 2023 (6)}) 7. Nf3 Qa5 $146 ({RR} 7... Nc6 8. dxc5 Ne4 9. Be2 Nxc5 10. Qd1 dxc4 11. Bxc4 Nd3+ 12. Bxd3 Qxd3 13. Qxd3 Bxd3 14. O-O-O Bg6 15. Nb5 O-O 16. a3 Ba5 17. Nh4 e5 18. Nxg6 hxg6 19. Bg3 f6 20. Rd7 Rf7 21. Rhd1 Raf8 22. f4 {1-0 Gharibyan,M (2433)-Stojanovski,S (2232) Titled Tuesday intern op 16th June blitz 2020 (1)}) ({RR} 7... Nc6 8. Be2 O-O 9. dxc5 Ne4 10. O-O Nxc5 11. Qd1 dxc4 12. Bxc4 Bxc3 13. bxc3 Ne4 14. Rc1 Rc8 15. Nd4 Nxd4 16. cxd4 Qa5 17. Bb3 Nd2 18. Re1 Rxc1 19. Qxc1 Be4 20. Rd1 Nxb3 21. axb3 Bd5 22. Qc2 {0-1 Gatineau,Y (2414)-Fressinet,L (2633) French Open Blitz 2024 (7.4)}) ({RR} 7... O-O 8. a3 Bxc3+ 9. bxc3 Nc6 10. Be2 cxd4 11. Nxd4 Na5 12. Qb4 Nc6 13. Qa4 Nxd4 14. cxd4 dxc4 15. O-O Nd5 16. Qxc4 Nxf4 17. exf4 Be4 18. f3 Bd5 19. Qb4 Qf6 20. Qd2 Rfd8 21. Rfd1 Bb3 22. Rdb1 {0-1 Jankus,G (1712)-Barsciauskas,G (1525) Klaipeda-ch 2022 (7)}) ({RR} 7... O-O 8. Be2 Nc6 9. dxc5 Qa5 10. O-O dxc4 11. Bxc4 Qxc5 12. a3 Bxc3 13. Qxc3 Nd5 14. b4 Nxc3 15. bxc5 Na5 16. Rfc1 Nxc4 17. Rxc3 Na5 18. Nd4 Bg6 19. Bc7 Nc6 20. Nxc6 bxc6 21. Rd1 Rfc8 22. Rd7 {½-½ Savchenko,B (2513)-Grischuk,A (2732) ch-RUS Blitz 2023 (6.2)}) 8. Be2 Ne4 9. Rc1 cxd4 10. exd4 Nc6 11. O-O Bxc3 12. bxc3 O-O 13. Rfe1 Ne7 14. Qxb7 Ng6 15. Bc7 Qxa2 16. c5 Bg4 17. Qa6 Qxa6 18. Bxa6 Bxf3 19. gxf3 Ng5 20. Re3 f5 21. f4 Ne4 22. f3 Rf7 23. Be5 Nxe5 24. fxe5 f4 25. Re2 Ng5 26. Kg2 Rb8 27. h4 Ne4 28. Ra2 Ng3 29. Rcc2 Nf5 30. Kh3 Ne3 31. Rcb2 Rbf8 32. Rb7 Rf5 33. c6 g5 34. c7 h5 35. Rb8 g4+ 36. Kh2 g3+ 37. Kg1 Nd1 38. Rxf8+ Rxf8 39. c8=Q Rxc8 40. Bxc8 Kf7 41. Rxa7+ Kg6 42. Rc7 Ne3 43. Bxe6 g2 44. Bh3 Kh6 45. Bxg2 Kg6 46. Rc6+ Kf7 47. Bh3 1-0

[Event "Olympiad Women 2024"]
[Site "Budapest HUN"]
[Date "2024.09.19"]
[Round "8.40"]
[Board "1"]
[White "February, Jesse Nikki"]
[Black "Stojkovska, Monika"]
[Result "0-1"]
[WhiteElo "2013"]
[BlackElo "2043"]
[PlyCount "118"]
[EventDate "2024.09.11"]
[WhiteTeam "South Africa"]
[BlackTeam "North Macedonia"]
[WhiteTeamCountry "RSA"]

1. e4 c5 2. Nf3 d6 3. c3 Nc6 4. Bc4 Nf6 5. d3 g6 6. Qb3 e6 7. Bg5 h6 ({RR} 7... Bg7 8. Bb5 Qc7 9. Nbd2 O-O 10. Bxf6 Bxf6 11. O-O b6 12. Rfe1 Bb7 13. Rad1 Rac8 14. Nc4 e5 15. Ne3 Qd7 16. Nd2 h6 17. Bxc6 Bxc6 18. Nd5 Bxd5 19. Qxd5 Bg5 20. Nf3 Kg7 21. h3 Bf6 22. Re2 {0-1 De Lima,T (1562)-De Assis,F (1810) Ribeirao Preto op 2014 (2)}) 8. Bh4 Bg7 9. Bb5 $146 ({RR} 9. Nbd2 a6 10. a4 g5 11. Bg3 d5 12. h4 g4 13. Ne5 O-O 14. Nxc6 bxc6 15. Qa2 dxc4 16. Qxc4 Nh5 17. Nb3 Nxg3 18. fxg3 Rb8 19. O-O Qd6 20. Rf4 e5 21. Rf2 Be6 22. Qxc5 Qxd3 23. Na5 Qxg3 {0-1 Markovski,V (2040)-Veleski,R (2267) Skopje Karposh op 2012 (3)}) 9... O-O 10. Bxc6 bxc6 11. O-O g5 12. Bg3 e5 13. Nbd2 Be6 14. c4 Nh5 15. Rfe1 Rb8 16. Qc2 g4 17. Nh4 Bf6 18. Nf5 Bxf5 19. exf5 Ng7 20. Re4 h5 21. f3 gxf3 22. Nxf3 Nxf5 23. Qf2 Ng7 24. Rf1 Be7 25. Nxe5 dxe5 26. Bxe5 f5 27. Qg3 Bf6 28. Rxf5 Bxe5 29. Rfxe5 Qf6 30. h3 Rxb2 31. Kh2 h4 32. Qg4 Qf2 33. Rg5 Qg3+ 34. Qxg3 hxg3+ 35. Rxg3 Rxa2 36. h4 Raf2 37. h5 Kh7 38. h6 Nh5 39. Rg5 Kxh6 40. Rxc5 R8f6 41. Rh4 R2f5 42. Rxf5 Rxf5 43. g4 Kg5 44. Rh3 Kxg4 45. Re3 Nf4 46. Rg3+ Kh4 47. Rf3 Kg5 48. d4 Ra5 49. Re3 Ra2+ 50. Kg3 Ne2+ 51. Kf3 Nxd4+ 52. Ke4 Nf5 53. Re1 Re2+ 54. Rxe2 Ng3+ 55. Ke5 Nxe2 56. Kd6 a5 57. Kxc6 a4 58. c5 a3 59. Kb7 Nd4 0-1

[Event "Olympiad Women 2024"]
[Site "Budapest HUN"]
[Date "2024.09.19"]
[Round "8.40"]
[Board "2"]
[White "Manova, Ivana"]
[Black "Badenhorst, Chloe"]
[Result "1/2-1/2"]
[WhiteElo "2031"]
[BlackElo "1981"]
[PlyCount "100"]
[EventDate "2024.09.11"]
[WhiteTeam "North Macedonia"]
[BlackTeam "South Africa"]
[BlackTeamCountry "RSA"]

1. e4 c6 2. Nc3 d5 3. Nf3 Bg4 4. h3 Bxf3 5. Qxf3 Nf6 6. d3 e6 7. g3 Be7 8. Bg2 Nbd7 9. O-O O-O 10. Qe2 dxe4 11. dxe4 e5 12. Be3 ({RR} 12. f4 Qc7 13. f5 Ne8 14. g4 f6 15. h4 h6 16. Bf3 Nd6 17. Kg2 Nf7 18. a4 Rfd8 19. Be3 Nf8 20. Qf2 b6 21. Be2 Nh7 22. Bc4 Kf8 23. Qf3 Bc5 24. Bc1 Rd6 25. Nd1 Qe7 26. Nf2 Nd8 {½-½ Cevizci,Y (2035)-Tutmaz,B (1761) Turkish Cup 2024 (3.11)}) 12... Qc7 $146 ({RR} 12... Bc5 13. Rad1 Qe7 14. Rd2 Nb6 15. Nd1 Rfd8 16. Bxc5 Qxc5 17. Ne3 Qa5 18. Rfd1 Rxd2 19. Qxd2 Qxd2 20. Rxd2 g6 21. b3 Kf8 22. Ng4 Nxg4 23. hxg4 f6 24. f4 Ke7 25. Kf2 Nd7 26. Ke3 Rg8 27. Kf3 {½-½ Tham,N (1869)-Balov,D (2094) Berlin Spandau op 2019 (6)}) 13. a4 a5 14. Rad1 Rad8 15. Qc4 b6 16. Nd5 Nxd5 17. exd5 c5 18. Rd2 Bd6 19. f4 exf4 20. Bxf4 Ne5 21. Qb5 Ng6 22. Bxd6 Qxd6 23. Qd3 Rde8 24. Be4 Re5 25. Bxg6 hxg6 26. Kg2 Rfe8 27. Qf3 R8e7 28. b3 Re3 29. Qf4 Re2+ 30. Rf2 Qxf4 31. gxf4 R2e3 32. Rf3 R3e4 33. c4 Kf8 34. Kf2 Ke8 35. Kf1 Kd7 36. Kf2 Re8 37. Rdd3 Re2+ 38. Kg3 R8e7 39. f5 gxf5 40. Rxf5 Re1 41. Rdf3 f6 42. h4 Rg1+ 43. Kf2 Rh1 44. R5f4 Rhe1 45. Rg3 Kd6 46. Rfg4 R7e2+ 47. Kf3 Ke5 48. Rxg7 Re3+ 49. Kf2 R3e2+ 50. Kf3 Re3+ 1/2-1/2

[Event "Olympiad Women 2024"]
[Site "Budapest HUN"]
[Date "2024.09.19"]
[Round "8.40"]
[Board "3"]
[White "Klaasen, Robyn Julian"]
[Black "Zhezhovska, Monika"]
[Result "0-1"]
[WhiteElo "1764"]
[BlackElo "2106"]
[PlyCount "76"]
[EventDate "2024.09.11"]
[WhiteTeam "South Africa"]
[BlackTeam "North Macedonia"]
[WhiteTeamCountry "RSA"]

1. d4 d5 2. Nc3 Nf6 3. Bf4 a6 4. e3 c5 5. dxc5 e6 6. Nf3 Bxc5 7. Bd3 Nc6 8. O-O O-O 9. a3 Re8 ({RR} 9... Qe7 10. e4 d4 11. Ne2 e5 12. Bd2 Nh5 13. Bg5 f6 14. Bd2 g6 15. Bh6 Rd8 16. Qd2 Be6 17. Ng3 Nxg3 18. fxg3 Rd7 19. Rf2 Qd6 20. Raf1 Rf7 21. g4 b5 22. h3 Qd7 23. Nh4 Be7 24. g5 {0-1 Naroditsky,D (2618)-Caruana,F (2764) Titled Tue 11th Apr Late 2023 (7)}) ({RR} 9... Nh5 10. Bg5 f6 11. Bh4 Qe8 12. e4 d4 13. Na4 Ba7 14. c4 g5 15. Bg3 Nxg3 16. fxg3 g4 17. Nh4 Ne5 18. b3 b5 19. Nb2 Bb7 20. Kh1 Rc8 21. Rc1 Qe7 22. b4 Nxd3 23. Qxg4+ Kh8 24. Nxd3 {1-0 Papayan,O (2183)-Reprintsev,A (2230) Titled Tue 2nd Jul Late 2024 (5)}) 10. Be2 $146 ({RR} 10. e4 dxe4 11. Nxe4 Nxe4 12. Bxe4 Qxd1 13. Raxd1 h6 14. Rfe1 f6 15. Bd6 Bxd6 16. Rxd6 Rb8 17. Bxc6 bxc6 18. b3 c5 19. Rc6 Bb7 20. Rxc5 Bxf3 21. gxf3 e5 22. Re3 Red8 23. f4 exf4 24. Re7 Re8 {1-0 Hebden,M (2453)-Stepanyan,H (2196) English Online Blitz Gp2 2020 (4)}) ({RR} 10. Bg5 h6 11. Bh4 Be7 12. Qe2 e5 13. Bxf6 Bxf6 14. e4 Bg4 15. Nxd5 Nd4 16. Qe3 Nxf3+ 17. gxf3 Bh3 18. Rfd1 Re6 19. f4 Bg4 20. f3 exf4 21. Qxf4 Be5 22. Qxg4 Rg6 23. Qxg6 fxg6 24. f4 Bd4+ {0-1 Lewis,S (1929)-Patel,Z (1557) Reykjavik Kvika op 2022 (1)}) 10... h6 11. Ne5 Bd6 12. Nd3 e5 13. Bg3 Bf5 14. Re1 Qd7 15. Nc1 Bf8 16. Nb3 b5 17. Bd3 Rad8 18. Bxf5 Qxf5 19. Qe2 d4 20. e4 Qe6 21. Nd1 d3 22. Qd2 Qc4 23. Nc3 dxc2 24. Qxc2 Nd4 25. Nxd4 exd4 26. Rad1 dxc3 27. bxc3 Rxd1 28. Rxd1 Qxe4 29. Qd2 Bxa3 30. h3 Bc5 31. Rf1 Qe2 32. Qc1 Ne4 33. Qf4 Bd6 34. Qf3 Qxf1+ 35. Kxf1 Nd2+ 36. Kg1 Nxf3+ 37. gxf3 Bxg3 38. fxg3 Re3 0-1

[Event "Olympiad Women 2024"]
[Site "Budapest HUN"]
[Date "2024.09.19"]
[Round "8.40"]
[Board "4"]
[White "Eftovska, Lea"]
[Black "Nel, Hayley"]
[Result "0-1"]
[WhiteElo "1839"]
[BlackElo "1753"]
[PlyCount "86"]
[EventDate "2024.09.11"]
[WhiteTeam "North Macedonia"]
[BlackTeam "South Africa"]
[BlackTeamCountry "RSA"]

1. e4 c6 2. d4 d5 3. e5 Bf5 4. Nf3 e6 5. Be2 Ne7 6. O-O Bg6 7. Nbd2 Nf5 8. Nb3 Be7 9. a4 Nd7 10. a5 O-O 11. g4 Nh4 12. Nxh4 Bxh4 13. f4 f6 14. Be3 fxe5 15. dxe5 Be7 16. Rf3 $146 ({RR} 16. c4 Be4 17. g5 Rf7 18. cxd5 Bxd5 19. Bh5 g6 20. Bg4 Bf8 21. Qc2 Qe8 22. Nd2 Qe7 23. Ne4 Qb4 24. Ra4 Qb5 25. Nc3 Qb3 26. Qc1 Bb4 27. Bd1 Qc4 28. Nxd5 Qxd5 29. Rxb4 Nxe5 30. fxe5 Rxf1+ {1-0 Bodnaruk,A (2414)-Kharmunova,N (2219) St Petersburg Botvinnik Memorial op 2012 (4)}) 16... c5 17. c3 c4 18. Nd4 Nc5 19. Rh3 Qd7 20. Bf3 Nd3 21. Qd2 b5 22. Qg2 Nxf4 23. Bxf4 Rxf4 24. Qd2 Raf8 25. Rg3 Bh4 26. Rh3 Bg5 27. Qg2 Be4 28. Bxe4 Rxe4 29. Rf3 Be3+ 30. Kh1 Bxd4 31. Rxf8+ Kxf8 32. Rf1+ Kg8 33. cxd4 Qe7 34. Qf3 Rxd4 35. a6 Re4 36. b3 cxb3 37. Qxb3 b4 38. Qa4 Rxg4 39. Qc6 h6 40. Qc8+ Kh7 41. Qb7 Qc5 42. Qf7 Qc2 43. Rf2 Qe4+ 0-1